Recuerdo de diez Quijotes /
El documento presenta una serie de narrativas en la que se describe las experiencias del autor, Román Mayorga, al conocer a Italo López Vallecillos, José María Gondra, Jorge Sol Catellanos, Ignacio Ellacuría, Amando López, Joaquín López y López, Ignacio Martín-Baro, Segundo Montes, Héctor Oquelí Col...
Enregistré dans:
| Auteur principal: | |
|---|---|
| Format: | Texte |
| Langue: | Spanish |
| Publié: |
Monte video y Washington D. C.
1991
|
| Sujets: | |
| Tags: |
Ajouter un tag
Pas de tags, Soyez le premier à ajouter un tag!
|
MARC
| LEADER | 00000 a a2200000 04500 | ||
|---|---|---|---|
| 001 | 38976 | ||
| 003 | cru CIDCAS/IIS | ||
| 005 | 20230417102324.0 | ||
| 008 | 220614e1991 wau||||| |||| 00| 0 spa d | ||
| 040 | |a CRAI/IIS |c CRAI/IIS | ||
| 090 | |a 01.02.07 M473r | ||
| 100 | |a Mayorga, Román | ||
| 245 | |a Recuerdo de diez Quijotes / |c Román Mayorga | ||
| 260 | |a Monte video y Washington D. C. |c 1991 | ||
| 300 | |a 27 p. | ||
| 520 | |a El documento presenta una serie de narrativas en la que se describe las experiencias del autor, Román Mayorga, al conocer a Italo López Vallecillos, José María Gondra, Jorge Sol Catellanos, Ignacio Ellacuría, Amando López, Joaquín López y López, Ignacio Martín-Baro, Segundo Montes, Héctor Oquelí Colindres y Guillermo Manuel Ungo. Apodados por el autor como los diez quijotes. | ||
| 650 | |a HISTORIA | ||
| 650 | |a BIOGRAFIAS | ||
| 650 | |a PARTICIPACION POPULAR | ||
| 650 | |a ASPECTOS SOCIALES | ||
| 650 | |a INSTITUCIONES SOCIALES | ||
| 650 | |a EL SALVADOR | ||
| 942 | |2 ddc |c LI | ||
| 999 | |c 14566 |d 14566 | ||
